Grossmann Adolf
Elmentve itt :
| Dokumentumtípus: | Cikk |
|---|---|
| Megjelent: |
1930-05-17
|
| Sorozat: | Délmagyarország
6 No. 110 |
| Kulcsszavak: | Grossmann Adolf, Gyászjelentés |
| Online Access: | http://dmarchiv.bibl.u-szeged.hu/38801 |
| LEADER | 00402nab a2200145 i 4500 | ||
|---|---|---|---|
| 001 | delm38801 | ||
| 005 | 20180927130102.0 | ||
| 008 | 180927s1930 hu o 0|| hun d | ||
| 040 | |a SZTE Délmagyarország Archívum |b hun | ||
| 041 | |a hun | ||
| 245 | 0 | 0 | |a Grossmann Adolf |h [elektronikus dokumentum] |
| 260 | |c 1930-05-17 | ||
| 300 | |a 6 | ||
| 490 | 0 | |a Délmagyarország |v 6 No. 110 | |
| 695 | |a Grossmann Adolf, Gyászjelentés | ||